Technology and epidemics

Na minha lista:
Detalhes bibliográficos
Autor principal: Chong, Alberto
Outros Autores: Zanforlin, Luisa
Formato: Livro
Idioma:inglês
Publicado em: Washington International Monetary Fund 1999
Colecção:IMF Working Paper WP/99/125
Assuntos:
Tags: Adicionar Tag
Sem tags, seja o primeiro a adicionar uma tag!

MARC

LEADER 00000nam a2200000 4500
001 c123789
005 20221221083743.3
041 0 |a eng 
044 |a US 
245 1 0 |a Technology and epidemics  |c Alberto Chong and Luisa Zanforlin 
264 1 |a Washington  |b International Monetary Fund  |c 1999 
300 |a 33 s. 
490 1 |a IMF Working Paper  |v WP/99/125 
830 0 |a IMF Working Paper  |v WP/99/125 
610 2 0 |a rast hospodársky 
610 2 0 |a logistika 
610 2 0 |a transfer technológie 
610 2 0 |a chorobnosť 
100 1 |a Chong, Alberto 
700 1 |a Zanforlin, Luisa